[Event "POL-chT 2 Liga 2019"]
[Site "Poronin"]
[Date "2019.09.10"]
[Round "4.17"]
[White "Borowski, Przemyslaw"]
[Black "Pulik, Krzysztof"]
[Result "0-1"]
[WhiteElo "1765"]
[BlackElo "2131"]
[Annotator "NA"]
[PlyCount "58"]
[EventDate "2019.09.07"]
[EventType "team-tourn"]
[EventCountry "POL"]
[SourceTitle "playchess.com"]
[Source "ChessBase"]
[SourceQuality "1"]
[TimeControl "40/5400+30:1800+30"]

1. d4 {[%emt 0:00:00]} d5 {[%emt 0:00:00]} 2. c4 {[%emt 0:00:00]} e6 {[%emt 0:00:00]} 3. Nc3 {[%emt 0:00:00]} c5 {[%emt 0:00:00]} 4. cxd5 {[%emt 0:01:07]} exd5 {[%emt 0:00:00]} 5. e4 {[%emt 0:02:37]} dxe4 {[%emt 0:00:41]} 6. Bc4 {[%emt 0:01:04]} Nf6 {[%emt 0:02:29]} 7. Qb3 {[%emt 0:13:41]} cxd4 {[%emt 0:00:13]} 8. Bxf7+ {[%emt 0:01:54]} Ke7 {[%emt 0:00:06]} 9. Bf4 {[%emt 0:01:24]} Nc6 {[%emt 0:06:14]} 10. Bc4 {[%emt 0:02:33]} Na5 {[%emt 0:11:02]} 11. Qb4+ {[%emt 0:01:56]} Ke8 {[%emt 0:00:50]} 12. Qb5+ {[%emt 0:01:32]} Nc6 {[%emt 0:14:55]} 13. O-O-O {[%emt 0:23:24]} Bd6 {[%emt 0:10:15]} 14. Qg5 {[%emt 0:09:49]} Kf8 {[%emt 0:25:51]} 15. Nge2 {[%emt 0:15:07]} d3 {[%emt 0:08:42]} 16. Ng3 {[%emt 0:05:34]} Be7 {[%emt 0:01:51]} 17. Nf5 {[%emt 0:04:35]} Bxf5 {[%emt 0:00:49]} 18. Qxf5 {[%emt 0:00:36]} Nd4 {[%emt 0:00:39]} 19. Qe5 {[%emt 0:08:10]} Rc8 {[%emt 0:00:15]} 20. Bb3 {[%emt 0:01:37]} Rc5 {[%emt 0:01:15]} 21. Qb8 {[%emt 0:01:08]} Nxb3+ {[%emt 0:03:46]} 22. axb3 {[%emt 0:00:06]} Qxb8 {[%emt 0:03:39]} 23. Bxb8 {[%emt 0:00:04]} Nd5 {[%emt 0:02:10]} 24. Bxa7 {[%emt 0:02:08]} Nxc3 {[%emt 0:01:09]} 25. bxc3 {[%emt 0:01:34]} Rxc3+ {[%emt 0:00:21]} 26. Kb2 {[%emt 0:00:35]} Rc2+ {[%emt 0:01:08]} 27. Kb1 {[%emt 0:00:07]} Bf6 {[%emt 0:00:09]} 28. Be3 {[%emt 0:01:00]} Kf7 {[%emt 0:00:08]} 29. Rd2 {[%emt 0:00:19]} Ra8 {[%emt 0:00:13]} 0-1

[Event "POL-chT 2 Liga 2019"]
[Site "Poronin"]
[Date "2019.09.10"]
[Round "4.18"]
[White "Lukasiewicz, Anna"]
[Black "Czaplewska, Klara"]
[Result "1-0"]
[WhiteElo "2075"]
[BlackElo "1870"]
[Annotator "NA"]
[PlyCount "85"]
[EventDate "2019.09.07"]
[EventType "team-tourn"]
[EventCountry "POL"]
[SourceTitle "playchess.com"]
[Source "ChessBase"]
[SourceQuality "1"]
[TimeControl "40/5400+30:1800+30"]

1. c4 {[%emt 0:00:00]} Nf6 {[%emt 0:00:23]} 2. Nc3 {[%emt 0:00:54]} d6 {[%emt 0:03:05]} 3. g3 {[%emt 0:01:33]} g6 {[%emt 0:00:42]} 4. Bg2 {[%emt 0:01:14]} Bg7 {[%emt 0:00:11]} 5. Nf3 {[%emt 0:02:30]} O-O {[%emt 0:03:45]} 6. d4 {[%emt 0:04:16]} Nc6 {[%emt 0:01:48]} 7. O-O {[%emt 0:02:30]} e5 {[%emt 0:01:11]} 8. d5 {[%emt 0:02:32]} Ne7 {[%emt 0:02:14]} 9. e4 {[%emt 0:04:21]} Ne8 {[%emt 0:05:07]} 10. Bd2 {[%emt 0:10:50]} f5 {[%emt 0:03:48]} 11. Qc1 {[%emt 0:03:37]} fxe4 {[%emt 0:01:14]} 12. Nxe4 {[%emt 0:00:07]} Nf5 {[%emt 0:12:22]} 13. c5 {[%emt 0:13:37]} Ne7 {[%emt 0:19:54]} 14. Bg5 {[%emt 0:11:44]} Bg4 {[%emt 0:01:23]} 15. Nfd2 {[%emt 0:07:57]} Qd7 {[%emt 0:00:49]} 16. c6 {[%emt 0:10:33]} bxc6 {[%emt 0:03:52]} 17. dxc6 {[%emt 0:00:31]} Qe6 {[%emt 0:02:02]} 18. Nc3 {[%emt 0:02:54]} h6 {[%emt 0:06:23]} 19. Bxe7 {[%emt 0:00:23]} Qxe7 {[%emt 0:00:02]} 20. Nd5 {[%emt 0:01:19]} Qf7 {[%emt 0:02:38]} 21. Qc4 {[%emt 0:04:11]} Be6 {[%emt 0:00:54]} 22. Rad1 {[%emt 0:01:29]} Nf6 {[%emt 0:02:46]} 23. Nb1 {[%emt 0:01:27]} Nh7 {[%emt 0:05:53]} 24. h4 {[%emt 0:03:13]} Kh8 {[%emt 0:02:24]} 25. Nbc3 {[%emt 0:00:17]} Rab8 {[%emt 0:03:00]} 26. b3 {[%emt 0:00:22]} Nf6 {[%emt 0:01:34]} 27. Qd3 {[%emt 0:01:34]} Nxd5 {[%emt 0:05:52]} 28. Bxd5 {[%emt 0:02:19]} Bxd5 {[%emt 0:00:42]} 29. Nxd5 {[%emt 0:00:17]} a5 {[%emt 0:02:19]} 30. a3 {[%emt 0:01:59]} e4 {[%emt 0:01:22]} 31. Qxe4 {[%emt 0:00:46]} Rxb3 {[%emt 0:00:10]} 32. Ne7 {[%emt 0:00:28]} Re8 {[%emt 0:02:17]} 33. Nxg6+ {[%emt 0:00:30]} Kg8 {[%emt 0:00:37]} 34. Qg4 {[%emt 0:01:08]} Rxa3 {[%emt 0:00:40]} 35. Rde1 {[%emt 0:01:00]} Rxe1 {[%emt 0:00:46]} 36. Rxe1 {[%emt 0:00:05]} Ra2 {[%emt 0:00:09]} 37. Nf4 {[%emt 0:00:53]} a4 {[%emt 0:01:15]} 38. Qc8+ {[%emt 0:01:16]} Kh7 {[%emt 0:00:25]} 39. Qd7 {[%emt 0:00:42]} Qf6 {[%emt 0:00:42]} 40. Qxc7 {[%emt 0:00:00]} a3 {[%emt 0:00:00]} 41. Qa5 {[%emt 0:09:27]} Rc2 {[%emt 0:14:09]} 42. Qxa3 {[%emt 0:01:29]} Rxc6 {[%emt 0:00:10]} 43. Qd3+ 1-0

[Event "POL-chT 2 Liga 2019"]
[Site "Poronin"]
[Date "2019.09.10"]
[Round "4.19"]
[White "Krzyzanowski, Marcin"]
[Black "Chojnacki, Krzysztof"]
[Result "1-0"]
[WhiteElo "2502"]
[BlackElo "2362"]
[Annotator "ChessBase"]
[PlyCount "85"]
[EventDate "2019.09.07"]
[EventType "team-tourn"]
[EventCountry "POL"]
[SourceTitle "playchess.com"]
[Source "ChessBase"]
[SourceQuality "1"]
[TimeControl "40/5400+30:1800+30"]

1. e4 {[%emt 0:00:00]} e5 {[%emt 0:00:00]} 2. Nf3 {[%emt 0:00:00]} Nc6 {[%emt 0:00:00]} 3. Bb5 {[%emt 0:00:00]} a6 {[%emt 0:00:00]} 4. Ba4 {[%emt 0:00:00]} Nf6 {[%emt 0:00:00]} 5. O-O {[%emt 0:00:00]} Be7 {[%emt 0:00:12]} 6. d3 {[%emt 0:00:57]} b5 {[%emt 0:02:57]} 7. Bb3 {[%emt 0:00:03]} d6 {[%emt 0:00:15]} 8. a3 {[%emt 0:02:31]} O-O {[%emt 0:01:41]} 9. Nc3 {[%emt 0:00:48]} Na5 {[%emt 0:14:12]} 10. Ba2 {[%emt 0:01:48]} c5 {[%emt 0:00:15]} 11. Bg5 {[%emt 0:06:41]} Be6 {[%emt 0:04:35]} 12. Bxf6 {[%emt 0:02:08]} Bxf6 {[%emt 0:00:03]} 13. Nd5 {[%emt 0:00:11]} Nc6 {[%emt 0:05:10]} 14. h3 {[%emt 0:03:55]} Bg5 {[%emt 0:06:09]} 15. c3 {[%emt 0:04:36]} Ra7 {[%emt 0:03:07]} 16. a4 {[%emt 0:03:22]} Bh6 {[%emt 0:07:46]} 17. Bb3 {[%emt 0:04:04]} b4 {[%emt 0:04:49]} 18. Nh2 {[%emt 0:07:52]} Qh4 {[%emt 0:05:57]} 19. Ng4 {[%emt 0:14:25]} Kh8 {[%emt 0:07:00]} 20. Nde3 {[%emt 0:04:34]} Bxe3 {[%emt 0:08:28]} 21. Nxe3 {[%emt 0:01:06]} Na5 {[%emt 0:02:08]} 22. Bd5 {[%emt 0:02:40]} bxc3 {[%emt 0:00:31]} 23. bxc3 {[%emt 0:00:22]} Bxd5 {[%emt 0:00:05]} 24. Nxd5 {[%emt 0:00:31]} f5 {[%emt 0:01:32]} 25. exf5 {[%emt 0:02:40]} Rxf5 {[%emt 0:00:35]} 26. Rb1 {[%emt 0:00:02]} Rf8 {[%emt 0:01:12]} 27. Rb6 {[%emt 0:03:30]} c4 {[%emt 0:01:18]} 28. Rxd6 {[%emt 0:02:07]} Raf7 {[%emt 0:01:01]} 29. f4 {[%emt 0:24:45]} exf4 {[%emt 0:01:45]} 30. Rxa6 {[%emt 0:00:29]} Qd8 {[%emt 0:02:37]} 31. dxc4 {[%emt 0:03:19]} f3 {[%emt 0:02:06]} 32. Ne3 {[%emt 0:03:02]} Qg5 {[%emt 0:01:39]} 33. Rxf3 {[%emt 0:00:47]} h6 {[%emt 0:01:27]} 34. Rxf7 {[%emt 0:02:55]} Qxe3+ {[%emt 0:00:22]} 35. Kh1 {[%emt 0:00:31]} Rxf7 {[%emt 0:00:08]} 36. Rxa5 {[%emt 0:00:31]} Qe4 {[%emt 0:03:10]} 37. Rd5 {[%emt 0:00:20]} Ra7 {[%emt 0:01:25]} 38. a5 {[%emt 0:00:48]} Qxc4 {[%emt 0:00:37]} 39. Qd4 {[%emt 0:00:26]} Qf1+ {[%emt 0:10:49]} 40. Kh2 {[%emt 0:00:00]} Re7 {[%emt 0:00:00]} 41. c4 {[%emt 0:03:09]} Qe2 {[%emt 0:02:36]} 42. a6 {[%emt 0:03:12]} Re4 {[%emt 0:00:30]} 43. Qd3 {[%emt 0:02:23]} 1-0

[Event "POL-chT 2 Liga 2019"]
[Site "Poronin"]
[Date "2019.09.10"]
[Round "4.20"]
[White "Raczynski, Krzysztof"]
[Black "Polok, Kacper"]
[Result "0-1"]
[WhiteElo "2244"]
[BlackElo "2307"]
[Annotator "NA"]
[PlyCount "176"]
[EventDate "2019.09.07"]
[EventType "team-tourn"]
[EventCountry "POL"]
[SourceTitle "playchess.com"]
[Source "ChessBase"]
[SourceQuality "1"]
[TimeControl "40/5400+30:1800+30"]

1. e4 {[%emt 0:00:00]} e6 {[%emt 0:00:00]} 2. d4 {[%emt 0:00:00]} d5 {[%emt 0:00:10]} 3. Nd2 {[%emt 0:00:00]} Nf6 {[%emt 0:00:22]} 4. e5 {[%emt 0:00:00]} Nfd7 {[%emt 0:00:29]} 5. Bd3 {[%emt 0:00:10]} c5 {[%emt 0:00:15]} 6. c3 {[%emt 0:00:07]} Nc6 {[%emt 0:00:36]} 7. Ne2 {[%emt 0:00:10]} cxd4 {[%emt 0:00:48]} 8. cxd4 {[%emt 0:00:11]} f6 {[%emt 0:00:18]} 9. exf6 {[%emt 0:00:26]} Nxf6 {[%emt 0:00:10]} 10. Nf3 {[%emt 0:00:39]} Bd6 {[%emt 0:00:55]} 11. O-O {[%emt 0:00:44]} O-O {[%emt 0:00:12]} 12. Bf4 {[%emt 0:01:05]} Bxf4 {[%emt 0:00:27]} 13. Nxf4 {[%emt 0:00:05]} Ng4 {[%emt 0:00:11]} 14. Qc1 {[%emt 0:03:05]} Qd6 {[%emt 0:01:48]} 15. g3 {[%emt 0:02:24]} e5 {[%emt 0:01:50]} 16. dxe5 {[%emt 0:05:26]} Ngxe5 {[%emt 0:00:47]} 17. Nxe5 {[%emt 0:08:04]} Nxe5 {[%emt 0:00:16]} 18. Be2 {[%emt 0:01:06]} Bf5 {[%emt 0:16:08]} 19. Qe3 {[%emt 0:05:32]} d4 {[%emt 0:05:25]} 20. Qb3+ {[%emt 0:04:29]} Kh8 {[%emt 0:01:13]} 21. Rfd1 {[%emt 0:04:10]} Rad8 {[%emt 0:10:09]} 22. Qxb7 {[%emt 0:08:49]} d3 {[%emt 0:03:53]} 23. Rac1 {[%emt 0:05:26]} Rf7 {[%emt 0:07:25]} 24. Qg2 {[%emt 0:10:19]} Rfd7 {[%emt 0:12:08]} 25. Bf3 {[%emt 0:02:32]} Qb4 {[%emt 0:04:01]} 26. Bc6 {[%emt 0:06:36]} Rd6 {[%emt 0:03:52]} 27. Nd5 {[%emt 0:03:04]} Qe4 {[%emt 0:06:42]} 28. Ne3 {[%emt 0:10:59]} Rxc6 {[%emt 0:02:58]} 29. Nxf5 {[%emt 0:01:26]} Qxg2+ {[%emt 0:03:21]} 30. Kxg2 {[%emt 0:00:14]} Rxc1 {[%emt 0:00:06]} 31. Rxc1 {[%emt 0:00:03]} d2 {[%emt 0:00:08]} 32. Rd1 {[%emt 0:00:27]} Nc4 {[%emt 0:00:11]} 33. Ne3 {[%emt 0:00:31]} Nxb2 {[%emt 0:03:10]} 34. Rb1 {[%emt 0:00:46]} d1=Q {[%emt 0:02:39]} 35. Nxd1 {[%emt 0:00:08]} Nxd1 {[%emt 0:00:05]} 36. Rb7 {[%emt 0:01:24]} Ra8 {[%emt 0:03:38]} 37. Rb3 {[%emt 0:04:26]} Kg8 {[%emt 0:04:08]} 38. f4 {[%emt 0:01:59]} Rc8 {[%emt 0:00:31]} 39. Kh3 {[%emt 0:01:22]} h6 {[%emt 0:01:07]} 40. Rb7 {[%emt 0:00:00]} a5 {[%emt 0:00:00]} 41. Rb5 {[%emt 0:02:59]} a4 {[%emt 0:04:05]} 42. Ra5 {[%emt 0:05:48]} Rc4 {[%emt 0:02:34]} 43. Kg4 {[%emt 0:01:01]} Nc3 {[%emt 0:00:26]} 44. Kf5 {[%emt 0:01:13]} Nxa2 {[%emt 0:01:54]} 45. g4 {[%emt 0:05:58]} Nc3 {[%emt 0:02:06]} 46. g5 {[%emt 0:00:56]} hxg5 {[%emt 0:00:07]} 47. fxg5 {[%emt 0:00:22]} Kh7 {[%emt 0:01:38]} 48. Ra8 {[%emt 0:02:49]} Rc5+ {[%emt 0:00:52]} 49. Kg4 {[%emt 0:00:29]} Kg6 {[%emt 0:01:43]} 50. Ra6+ {[%emt 0:00:25]} Kf7 {[%emt 0:01:46]} 51. Ra7+ {[%emt 0:00:58]} Ke6 {[%emt 0:00:31]} 52. h4 {[%emt 0:01:43]} g6 {[%emt 0:02:01]} 53. Ra6+ {[%emt 0:01:46]} Ke5 {[%emt 0:05:03]} 54. Rxg6 {[%emt 0:03:52]} Rc4+ {[%emt 0:04:50]} 55. Kh5 {[%emt 0:00:30]} Ne4 {[%emt 0:00:07]} 56. Ra6 {[%emt 0:02:36]} Ng3+ {[%emt 0:00:15]} 57. Kg6 {[%emt 0:00:12]} Rxh4 {[%emt 0:00:09]} 58. Ra5+ {[%emt 0:00:47]} Kd6 {[%emt 0:00:18]} 59. Kf7 {[%emt 0:00:50]} Rf4+ {[%emt 0:02:28]} 60. Kg8 {[%emt 0:01:46]} Kc6 {[%emt 0:01:10]} 61. g6 {[%emt 0:00:36]} Kb6 {[%emt 0:00:26]} 62. Ra8 {[%emt 0:00:23]} Nh5 {[%emt 0:01:17]} 63. Kh7 {[%emt 0:01:19]} Kb5 {[%emt 0:00:35]} 64. Kh6 {[%emt 0:00:34]} Rf5 {[%emt 0:01:02]} 65. Rb8+ {[%emt 0:01:13]} Kc4 {[%emt 0:00:31]} 66. Ra8 {[%emt 0:01:33]} Kb3 {[%emt 0:00:07]} 67. Rb8+ {[%emt 0:00:17]} Ka2 {[%emt 0:00:13]} 68. Rb4 {[%emt 0:00:28]} a3 {[%emt 0:02:14]} 69. Rh4 {[%emt 0:00:13]} Nf6 {[%emt 0:00:41]} 70. Rb4 {[%emt 0:01:58]} Ka1 {[%emt 0:00:52]} 71. g7 {[%emt 0:00:23]} Ng8+ {[%emt 0:01:16]} 72. Kg6 {[%emt 0:01:07]} Ne7+ {[%emt 0:00:06]} 73. Kh6 {[%emt 0:00:04]} Rf6+ {[%emt 0:01:34]} 74. Kh7 {[%emt 0:00:54]} Rf2 {[%emt 0:00:14]} 75. Kh6 {[%emt 0:01:10]} Nf5+ {[%emt 0:00:22]} 76. Kh7 {[%emt 0:00:22]} Nxg7 {[%emt 0:00:07]} 77. Kxg7 {[%emt 0:00:05]} a2 {[%emt 0:00:06]} 78. Rb5 {[%emt 0:00:55]} Rb2 {[%emt 0:01:38]} 79. Rf5 {[%emt 0:00:17]} Kb1 {[%emt 0:00:29]} 80. Rf1+ {[%emt 0:00:06]} Kc2 {[%emt 0:00:05]} 81. Rf2+ {[%emt 0:00:20]} Kb3 {[%emt 0:00:08]} 82. Rf3+ {[%emt 0:00:07]} Kb4 {[%emt 0:00:43]} 83. Rf4+ {[%emt 0:00:06]} Ka3 {[%emt 0:00:05]} 84. Rf3+ {[%emt 0:00:35]} Rb3 {[%emt 0:00:07]} 85. Rf1 {[%emt 0:00:04]} Rb1 {[%emt 0:00:11]} 86. Rf3+ {[%emt 0:00:05]} Kb4 {[%emt 0:00:06]} 87. Rf4+ {[%emt 0:00:09]} Kc5 {[%emt 0:00:07]} 88. Rf5+ {[%emt 0:00:11]} Kd4 {[%emt 0:00:06]} 0-1

[Event "POL-chT 2 Liga 2019"]
[Site "Poronin"]
[Date "2019.09.10"]
[Round "4.21"]
[White "Wieczorek, Zbigniew"]
[Black "Bardeli, Lukasz"]
[Result "1/2-1/2"]
[WhiteElo "2193"]
[BlackElo "2144"]
[Annotator "NA"]
[PlyCount "80"]
[EventDate "2019.09.07"]
[EventType "team-tourn"]
[EventCountry "POL"]
[SourceTitle "playchess.com"]
[Source "ChessBase"]
[SourceQuality "1"]
[TimeControl "40/5400+30:1800+30"]

1. c4 {[%emt 0:00:00]} c6 {[%emt 0:00:00]} 2. Nf3 {[%emt 0:01:16]} d5 {[%emt 0:00:00]} 3. e3 {[%emt 0:00:19]} Nf6 {[%emt 0:01:27]} 4. b3 {[%emt 0:00:21]} g6 {[%emt 0:00:09]} 5. Bb2 {[%emt 0:00:05]} Bg7 {[%emt 0:00:07]} 6. d3 {[%emt 0:02:04]} O-O {[%emt 0:00:14]} 7. Nbd2 {[%emt 0:00:14]} a5 {[%emt 0:01:18]} 8. a3 {[%emt 0:00:06]} Nbd7 {[%emt 0:03:47]} 9. cxd5 {[%emt 0:09:12]} cxd5 {[%emt 0:00:35]} 10. Rc1 {[%emt 0:01:56]} Re8 {[%emt 0:02:20]} 11. Be2 {[%emt 0:12:40]} e5 {[%emt 0:00:58]} 12. O-O {[%emt 0:00:17]} Qe7 {[%emt 0:07:11]} 13. Rc7 {[%emt 0:05:18]} Qd6 {[%emt 0:00:06]} 14. Rc2 {[%emt 0:11:13]} Qb8 {[%emt 0:03:13]} 15. Qa1 {[%emt 0:03:16]} Ng4 {[%emt 0:01:02]} 16. Rfc1 {[%emt 0:06:42]} Nh6 {[%emt 0:07:04]} 17. Nb1 {[%emt 0:11:17]} Nb6 {[%emt 0:03:55]} 18. Nbd2 {[%emt 0:08:34]} f6 {[%emt 0:01:50]} 19. e4 {[%emt 0:07:44]} d4 {[%emt 0:01:02]} 20. Nxd4 {[%emt 0:01:24]} exd4 {[%emt 0:01:54]} 21. Bxd4 {[%emt 0:00:18]} Nd7 {[%emt 0:01:34]} 22. Rc7 {[%emt 0:01:24]} Ne5 {[%emt 0:09:55]} 23. f4 {[%emt 0:01:28]} Nc6 {[%emt 0:00:26]} 24. Rxg7+ {[%emt 0:01:13]} Kxg7 {[%emt 0:00:03]} 25. Bxf6+ {[%emt 0:00:07]} Kg8 {[%emt 0:00:07]} 26. Rf1 {[%emt 0:05:34]} Bg4 {[%emt 0:07:01]} 27. Nf3 {[%emt 0:02:30]} Nf7 {[%emt 0:08:15]} 28. f5 {[%emt 0:01:23]} Qa7+ {[%emt 0:04:56]} 29. d4 {[%emt 0:00:51]} Rxe4 {[%emt 0:06:31]} 30. Bc4 {[%emt 0:00:17]} Bxf3 {[%emt 0:04:54]} 31. fxg6 {[%emt 0:00:51]} hxg6 {[%emt 0:00:22]} 32. Rxf3 {[%emt 0:01:14]} b5 {[%emt 0:14:52]} 33. Bd5 {[%emt 0:01:22]} Nxd4 {[%emt 0:00:15]} 34. Bxf7+ {[%emt 0:01:35]} Qxf7 {[%emt 0:00:13]} 35. Bxd4 {[%emt 0:00:09]} Qe6 {[%emt 0:00:47]} 36. Bf2 {[%emt 0:00:45]} Rc8 {[%emt 0:02:52]} 37. h3 {[%emt 0:01:03]} Qe5 {[%emt 0:01:44]} 38. Qd1 {[%emt 0:00:24]} Qe6 {[%emt 0:00:20]} 39. Qd3 {[%emt 0:00:52]} b4 {[%emt 0:02:08]} 40. axb4 {[%emt 0:00:00]} axb4 {[%emt 0:00:00]} 1/2-1/2

[Event "POL-chT 2 Liga 2019"]
[Site "Poronin"]
[Date "2019.09.10"]
[Round "4.22"]
[White "Butyrowski, Marcel"]
[Black "Szczepanek, Radoslaw"]
[Result "0-1"]
[WhiteElo "1873"]
[BlackElo "2195"]
[Annotator "NA"]
[PlyCount "86"]
[EventDate "2019.09.07"]
[EventType "team-tourn"]
[EventCountry "POL"]
[SourceTitle "playchess.com"]
[Source "ChessBase"]
[SourceQuality "1"]
[TimeControl "40/5400+30:1800+30"]

1. d4 {[%emt 0:00:00]} Nf6 {[%emt 0:00:00]} 2. c4 {[%emt 0:00:00]} g6 {[%emt 0:00:00]} 3. g3 {[%emt 0:00:00]} Bg7 {[%emt 0:00:00]} 4. Bg2 {[%emt 0:00:00]} O-O {[%emt 0:00:04]} 5. Nc3 {[%emt 0:00:05]} d6 {[%emt 0:00:22]} 6. Nf3 {[%emt 0:00:05]} Nc6 {[%emt 0:01:08]} 7. O-O {[%emt 0:00:20]} a6 {[%emt 0:00:32]} 8. d5 {[%emt 0:01:28]} Na5 {[%emt 0:00:26]} 9. Nd2 {[%emt 0:01:04]} c5 {[%emt 0:00:16]} 10. e4 {[%emt 0:02:12]} Rb8 {[%emt 0:02:41]} 11. Qe2 {[%emt 0:01:33]} b5 {[%emt 0:19:45]} 12. h3 {[%emt 0:03:29]} Nd7 {[%emt 0:05:48]} 13. f4 {[%emt 0:02:13]} Nxc4 {[%emt 0:04:32]} 14. Nxc4 {[%emt 0:01:30]} bxc4 {[%emt 0:00:05]} 15. Be3 {[%emt 0:02:01]} Qa5 {[%emt 0:08:35]} 16. Rab1 {[%emt 0:03:42]} Nb6 {[%emt 0:08:39]} 17. Bd2 {[%emt 0:04:56]} Bd7 {[%emt 0:06:57]} 18. g4 {[%emt 0:07:18]} Bd4+ {[%emt 0:04:36]} 19. Kh1 {[%emt 0:02:22]} Na4 {[%emt 0:00:56]} 20. Nxa4 {[%emt 0:03:27]} Qxa4 {[%emt 0:00:08]} 21. Bc3 {[%emt 0:00:19]} Qxa2 {[%emt 0:03:16]} 22. Ra1 {[%emt 0:02:35]} Qb3 {[%emt 0:00:06]} 23. Ra3 {[%emt 0:00:24]} Qb6 {[%emt 0:01:48]} 24. g5 {[%emt 0:10:12]} Bxc3 {[%emt 0:06:38]} 25. bxc3 {[%emt 0:01:26]} a5 {[%emt 0:02:41]} 26. Ra2 {[%emt 0:07:01]} f6 {[%emt 0:04:04]} 27. f5 {[%emt 0:04:49]} Kg7 {[%emt 0:04:18]} 28. Qe3 {[%emt 0:03:41]} fxg5 {[%emt 0:03:21]} 29. Qxg5 {[%emt 0:01:15]} Rf6 {[%emt 0:00:17]} 30. Raf2 {[%emt 0:06:50]} Rbf8 {[%emt 0:00:08]} 31. Qh4 {[%emt 0:02:54]} a4 {[%emt 0:01:34]} 32. Bf3 {[%emt 0:03:33]} Qb3 {[%emt 0:00:39]} 33. Rg2 {[%emt 0:01:16]} Qxc3 {[%emt 0:01:24]} 34. Bh5 {[%emt 0:01:48]} Be8 {[%emt 0:01:59]} 35. Rfg1 {[%emt 0:01:01]} a3 {[%emt 0:01:28]} 36. Rg3 {[%emt 0:04:33]} Qb2 {[%emt 0:00:35]} 37. e5 {[%emt 0:09:40]} Qxe5 {[%emt 0:00:52]} 38. Rxa3 {[%emt 0:01:17]} Rxf5 {[%emt 0:01:40]} 39. Bg4 {[%emt 0:00:29]} Qxd5+ {[%emt 0:00:40]} 40. Rg2 {[%emt 0:00:00]} Bc6 {[%emt 0:00:00]} 41. Raa2 {[%emt 0:02:20]} Rf1+ {[%emt 0:00:27]} 42. Kh2 {[%emt 0:00:14]} Qe5+ {[%emt 0:00:10]} 43. Qg3 {[%emt 0:00:36]} Rh1+ {[%emt 0:00:11]} 0-1

[Event "POL-chT 2 Liga 2019"]
[Site "Poronin"]
[Date "2019.09.10"]
[Round "4.23"]
[White "Malinowski, Damian"]
[Black "Wojdak, Jan"]
[Result "1/2-1/2"]
[WhiteElo "2038"]
[BlackElo "1973"]
[Annotator "NA"]
[PlyCount "79"]
[EventDate "2019.09.07"]
[EventType "team-tourn"]
[EventCountry "POL"]
[SourceTitle "playchess.com"]
[Source "ChessBase"]
[SourceQuality "1"]
[TimeControl "40/5400+30:1800+30"]

1. c4 {[%emt 0:00:00]} e6 {[%emt 0:00:00]} 2. Nf3 {[%emt 0:00:00]} d5 {[%emt 0:00:00]} 3. g3 {[%emt 0:00:00]} c6 {[%emt 0:00:15]} 4. Bg2 {[%emt 0:00:04]} Nf6 {[%emt 0:04:09]} 5. O-O {[%emt 0:00:14]} Bd6 {[%emt 0:06:33]} 6. d4 {[%emt 0:00:26]} Nbd7 {[%emt 0:00:34]} 7. b3 {[%emt 0:01:52]} O-O {[%emt 0:01:55]} 8. Bb2 {[%emt 0:01:01]} b6 {[%emt 0:06:45]} 9. Nbd2 {[%emt 0:03:51]} Bb7 {[%emt 0:01:28]} 10. Rc1 {[%emt 0:06:18]} c5 {[%emt 0:01:15]} 11. Re1 {[%emt 0:07:45]} Rc8 {[%emt 0:27:32]} 12. Rc2 {[%emt 0:11:12]} cxd4 {[%emt 0:08:46]} 13. Nxd4 {[%emt 0:02:07]} Bc5 {[%emt 0:01:16]} 14. Qa1 {[%emt 0:08:40]} e5 {[%emt 0:09:50]} 15. Nb5 {[%emt 0:09:59]} a6 {[%emt 0:04:37]} 16. Nc3 {[%emt 0:00:57]} b5 {[%emt 0:03:36]} 17. e3 {[%emt 0:03:38]} bxc4 {[%emt 0:01:42]} 18. bxc4 {[%emt 0:01:02]} Bb4 {[%emt 0:04:50]} 19. Rec1 {[%emt 0:09:43]} Re8 {[%emt 0:01:57]} 20. Nxd5 {[%emt 0:04:14]} Nxd5 {[%emt 0:00:58]} 21. Bxd5 {[%emt 0:03:43]} Bxd5 {[%emt 0:00:15]} 22. cxd5 {[%emt 0:00:08]} Rxc2 {[%emt 0:00:19]} 23. Rxc2 {[%emt 0:00:11]} Qa5 {[%emt 0:00:55]} 24. Bc3 {[%emt 0:05:26]} Bxc3 {[%emt 0:00:28]} 25. Qxc3 {[%emt 0:00:10]} Qxd5 {[%emt 0:00:05]} 26. Qc6 {[%emt 0:00:54]} Qd3 {[%emt 0:06:28]} 27. Qc4 {[%emt 0:02:18]} Qxc4 {[%emt 0:04:03]} 28. Rxc4 {[%emt 0:00:14]} Kf8 {[%emt 0:01:54]} 29. Rc6 {[%emt 0:03:23]} Ra8 {[%emt 0:00:40]} 30. Kf1 {[%emt 0:01:53]} Ke7 {[%emt 0:00:09]} 31. Ke2 {[%emt 0:01:24]} Ra7 {[%emt 0:00:30]} 32. f3 {[%emt 0:01:36]} f6 33. h4 {[%emt 0:01:20]} Ra8 {[%emt 0:01:57]} 34. Nc4 {[%emt 0:01:55]} Ra7 {[%emt 0:00:26]} 35. g4 {[%emt 0:04:13]} Nb8 {[%emt 0:00:36]} 36. Rb6 {[%emt 0:00:56]} Nd7 {[%emt 0:00:09]} 37. Rc6 {[%emt 0:01:02]} Nb8 {[%emt 0:00:04]} 38. Rb6 {[%emt 0:00:49]} Nd7 {[%emt 0:00:05]} 39. Rc6 {[%emt 0:00:33]} Nb8 {[%emt 0:01:22]} 40. Rb6 {[%emt 0:00:00]} 1/2-1/2